Catálogo

Histología básica : (Registro nro. 70114)

Detalles MARC
000 -LEADER
fixed length control field 01492cam a2200361 i 4500
001 - CONTROL NUMBER
control field 70114
003 - CONTROL NUMBER IDENTIFIER
control field Mx-PuUPA
005 - DATE AND TIME OF LATEST TRANSACTION
control field 20240506122928.0
008 - FIXED-LENGTH DATA ELEMENTS--GENERAL INFORMATION
fixed length control field 230614s2022 mx a fr 001 0 spa d
020 ## - INTERNATIONAL STANDARD BOOK NUMBER
International Standard Book Number 9786078546527
040 ## - CATALOGING SOURCE
Original cataloging agency Mx-PuUPA
Language of cataloging spa
Transcribing agency Mx-PuUPA
Modifying agency Mx-PuUPA
Description conventions rda
041 1# - LANGUAGE CODE
Language code of text/sound track or separate title spa
Language code of original por
100 1# - MAIN ENTRY--PERSONAL NAME
Personal name Junqueira, Luiz Carlos Uchôa,
Dates associated with a name 1920-2006
9 (RLIN) 4038
Relator term autor
240 10 - UNIFORM TITLE
Uniform title Junqueira & Carneiro. Histología básica. Texto & atlas.
Language of a work Español
245 10 - TITLE STATEMENT
Title Histología básica :
Remainder of title texto y atlas /
Statement of responsibility, etc. L.C. Junqueira, José Carneiro ; traducción por Marina González y Gustavo Mezzano
250 ## - EDITION STATEMENT
Edition statement 13a edición
264 #1 - PRODUCTION, PUBLICATION, DISTRIBUTION, MANUFACTURE, AND COPYRIGHT NOTICE
Place of production, publication, distribution, manufacture Ciudad de México, México :
Name of producer, publisher, distributor, manufacturer Editorial Médica Panamericana,
Date of production, publication, distribution, manufacture, or copyright notice ©2022
300 ## - PHYSICAL DESCRIPTION
Extent xxv, 579 páginas :
Other physical details ilustraciones ;
Dimensions 28 cm
336 ## - CONTENT TYPE
Fuente rdacontent
Content type term texto
Content type code txt
337 ## - MEDIA TYPE
Source rdamedia
Media type term sin medio
Media type code n
338 ## - CARRIER TYPE
Source rdacarrier
Carrier type term volumen
Carrier type code nc
650 #7 - SUBJECT ADDED ENTRY--TOPICAL TERM
Source of heading or term armarc
Topical term or geographic name entry element Histología
650 #7 - SUBJECT ADDED ENTRY--TOPICAL TERM
Source of heading or term armarc
Topical term or geographic name entry element Histología
General subdivision Atlas
700 1# - ADDED ENTRY--PERSONAL NAME
Personal name González, Marina,
Relator term traductor
700 1# - ADDED ENTRY--PERSONAL NAME
Personal name Mezzano, Gustavo,
Relator term traductor
765 0# - ORIGINAL LANGUAGE ENTRY
Main entry heading Junqueira, Luis, 1920-2006
Title Junqueira & Carneiro. Histología básica. Texto & atlas.
Place, publisher, and date of publication Brasil : Editora Guanabara Koogab, 2017
942 ## - ADDED ENTRY ELEMENTS (KOHA)
Source of classification or shelving scheme Dewey Decimal Classification
Koha item type Libro
Classification part 611.018
Item part J95
Existencias
Withdrawn status Lost status Source of classification or shelving scheme Damaged status Not for loan Collection code Home library Current library Shelving location Date acquired Source of acquisition Cost, normal purchase price Total Checkouts Total Renewals Full call number Barcode Checked out Date last seen Date last checked out Cost, replacement price Price effective from Koha item type Copy number
    Dewey Decimal Classification     General Biblioteca Karol Wojtyla Biblioteca Karol Wojtyla Sala general 12/06/2023 1 1400.00 30 4 611.018 J95 2022 103530 18/06/2026 04/06/2026 04/06/2026 1400.00 12/06/2023 Libro  
    Dewey Decimal Classification     General Biblioteca Karol Wojtyla Biblioteca Karol Wojtyla Sala general 06/05/2024 1 1297.00 1   611.018 J95 2022 104585   15/04/2026 06/11/2024 1297.00 06/05/2024 Reserva permanente Ej.2